Catálogo - Centro de Recursos para el Aprendizaje y la Investigación

Volver al Sitio - CRAI Biblioteca

La revolución de abril de 1965 en el periódico PATRIA (Registro nro. 113468)

Detalles MARC
000 -CABECERA
campo de control de longitud fija 02524nam a2200289 4500
001 - NÚMERO DE CONTROL
campo de control 113468
003 - IDENTIFICADOR DEL NÚMERO DE CONTROL
campo de control DR-UNIBE
005 - FECHA Y HORA DE LA ÚLTIMA TRANSACCIÓN
campo de control 20250428142616.0
008 - DATOS DE LONGITUD FIJA--INFORMACIÓN GENERAL
campo de control de longitud fija 250422b2024 dr ||||| |||| 00| 0 spa d
040 ## - FUENTE DE LA CATALOGACIÓN
Centro catalogador/agencia de origen BIBLIOTECA UNIBE
Centro/agencia transcriptor BIBLIOTECA UNIBE
041 ## - CÓDIGO DE LENGUA
Código de lengua del texto/banda sonora o título independiente spa
082 ## - NÚMERO DE LA CLASIFICACIÓN DECIMAL DEWEY
Número de edición 22
Número de clasificación RD 972.93054 R454
245 13 - MENCIÓN DE TÍTULO
Título La revolución de abril de 1965 en el periódico PATRIA
Mención de responsabilidad, etc. editor : Alejandro Paulino Ramos ; diagramación : Eric Simó y Harold Frías Maggiolo ; diseño de cubierta : Harold Frías Maggiolo
250 ## - MENCIÓN DE EDICIÓN
Mención de edición Primera edición
260 ## - PUBLICACIÓN, DISTRIBUCIÓN, ETC.
Lugar de publicación, distribución, etc. Santo Domingo :
Nombre del editor, distribuidor, etc. Archivo General de la Nación (AGN),
Fecha de publicación, distribución, etc. 2024
300 ## - DESCRIPCIÓN FÍSICA
Extensión 473 páginas :
Otras características físicas fotos b/n;
Dimensiones 25 x 17 cm
490 ## - MENCIÓN DE SERIE
Mención de serie Archivo General de la Nación ;
Designación de volumen o secuencia 525
500 ## - NOTA GENERAL
Nota general Información sobre el editor en las solapas. Cubierta: fotografía retocada con IA, coronel Francisco A. Caamaño y líderes de la Revolución de Abril, colección de Milvio Pérez-AGN. Contraportada: portada del periódico Patria No,18, del 11 de junio de 1965
505 ## - NOTA DE CONTENIDO CON FORMATO
Nota de contenido con formato Presentación |<br/>Editoriales del Periódico Patria |<br/>Testimonios de la guerra |<br/> Caamaño y el gobierno constitucionalista | <br/>Militares constitucionalistas |<br/>Intervención militar extranjera |<br/>La OEA, la ONU y la Guerra de Abril |<br/>Comandos constitucionales |<br/>Literatura y Cultura / Poemas patrióticos |<br/>Página literaria |<br/>Relatos |<br/>Artículos y opiniones |<br/>Periódicos y revolución |<br/>La guerra en los pueblos |<br/>Héroes y mártires de la guerra |<br/>Partidos Políticos en la Revolución / Movimiento Popular Dominicano |<br/>Movimiento Revolucionario 14 de Junio |<br/>Partido Reformista |<br/>Partido Revolucionario Dominicano |<br/>Partido Revolucionario Social Cristiano |<br/>Partido Socialista Popular y Partido Comunista Dominicano |<br/>Asociaciones y sindicatos |<br/>Mítines y reuniones públicas |<br/>Negociaciones en la guerra |<br/>Gobierno de Héctor García Godoy |<br/>Combatientes regresan a loa pueblos |<br/>Índice onomástico |<br/>Galería de fotos
650 #7 - PUNTO DE ACCESO ADICIONAL DE MATERIA--TÉRMINO DE MATERIA
Fuente del encabezamiento o término lemb
Término de materia o nombre geográfico como elemento de entrada Periódico Patria
Subdivisión general Revolución de Abril de 1965
-- Artículos
9 (RLIN) 194629
651 #7 - PUNTO DE ACCESO ADICIONAL DE MATERIA--NOMBRE GEOGRÁFICO
Fuente del encabezamiento o término lemb
Nombre geográfico República Dominicana
Subdivisión general Historia
-- Revolución de Abril de 1965
9 (RLIN) 194504
651 #7 - PUNTO DE ACCESO ADICIONAL DE MATERIA--NOMBRE GEOGRÁFICO
Nombre geográfico República Dominicana
Subdivisión general Revolución de Abril 1965
-- Artículos periodísticos
9 (RLIN) 194505
700 10 - PUNTO DE ACCESO ADICIONAL--NOMBRE DE PERSONA
Nombre de persona Paulino Ramos, Alejandro,
Fechas asociadas al nombre 1951 -
9 (RLIN) 47924
Término indicativo de función/relación cuidado de la edición
700 10 - PUNTO DE ACCESO ADICIONAL--NOMBRE DE PERSONA
Nombre de persona Simó, Eric
9 (RLIN) 31870
Término indicativo de función/relación diagramador
700 10 - PUNTO DE ACCESO ADICIONAL--NOMBRE DE PERSONA
Nombre de persona Frías Maggiolo, Harold
Forma completa/desarrollada del nombre (Frías Maggiolo, Harold Marcelino)
Término indicativo de función/relación diagramador
-- diseñador de cubierta
9 (RLIN) 146756
942 ## - ELEMENTOS DE PUNTO DE ACCESO ADICIONAL (KOHA)
Fuente del sistema de clasificación o colocación Sistema de Clasificación Decimal Dewey
Tipo de ítem Koha Libro (general)
Existencias
Estado de retiro Estado de pérdida Fuente del sistema de clasificación o colocación No para préstamo Código de colección Localización permanente Fecha de adquisición Total de préstamos Signatura topográfica completa Código de barras Fecha visto por última vez Número de copia Precio válido a partir de Tipo de ítem Koha
  Disponible Sistema de Clasificación Decimal Dewey   General - Libros dominicanos Biblioteca Central UNIBE 28/04/2025   RD 972.93054 R454 250464 22/04/2025 Ej. 1 22/04/2025 Libro (general)
  Disponible Sistema de Clasificación Decimal Dewey   General - Libros dominicanos Biblioteca Central UNIBE 28/04/2025   RD 972.93054 R454 250465 22/04/2025 Ej. 2 22/04/2025 Libro (general)